| 000 | 00653nam a2200241Ia 4500 | ||
|---|---|---|---|
| 003 | OSt | ||
| 005 | 20221005022532.0 | ||
| 006 | a|||||r|||| 00| 0 | ||
| 007 | ta | ||
| 008 | 221004b |||||||| |||| 00| 0 san d | ||
| 024 | _a106779 | ||
| 037 | _cTextual | ||
| 040 |
_aCRL _cCRL _bsan |
||
| 041 |
_2san _asan |
||
| 082 | _aO15,2D81,1, L0 | ||
| 100 |
_aShukal Ramchander _9578196 |
||
| 245 | 0 | _aMudra rakshas natakm | |
| 260 |
_aAllahbad _bRamnarayanlal Benimadhav India _c1970 |
||
| 300 |
_a540p. _ccm. |
||
| 650 | _aSANSKRIT LITERATURE | ||
| 942 |
_hO15,2D81,1, L0 _cTEXL _2cc |
||
| 999 |
_c929569 _d929569 |
||